000 00784nam a22002411u 4500
001 06121
003 HDC
007 cr bn ---aaaaa
008 210122p2007 | d 00 engg
040 _aHDC
245 0 _aReview of the Tariff Reduction Program
260 _a[no place] :
_b[publisher not identified],
_c2007
300 _a 1 online resource (93 pages)
336 _atext
_2rdacontent
337 _acomputer
_2rdamedia
338 _aonline resource
_2rdacarrier
650 _atariff policy
_96426
650 _aTariff review
_96425
856 _zRequest full-text at [email protected]
942 _2lcc
942 _cEIS
942 _kREPT 000258
999 _c3445
_d3445